Fr. Conceicao Rodrigues College of Engineering

Engineering Mechanics :Statics (Record no. 34910)

MARC details
000 -LEADER
fixed length control field 00310nam a2200133Ia 4500
082 ## - DEWEY DECIMAL CLASSIFICATION NUMBER
Classification number 620.1
Item number BAP/PAS
100 ## - MAIN ENTRY--PERSONAL NAME
Personal name Baphana/R.M./ Passi/M .
250 ## - EDITION STATEMENT
Edition statement 2
245 ## - TITLE STATEMENT
Title Engineering Mechanics :Statics
260 ## - PUBLICATION, DISTRIBUTION, ETC.
Name of publisher, distributor, etc. Tech Max
Place of publication, distribution, etc. Pune
Date of publication, distribution, etc. 2000
546 ## - LANGUAGE NOTE
Language note ENGLISH
654 ## - SUBJECT ADDED ENTRY--FACETED TOPICAL TERMS
Focus term Engineering Mechanics
942 ## - ADDED ENTRY ELEMENTS (KOHA)
Koha item type BOOK
Holdings
Withdrawn status Lost status Damaged status Not for loan Collection Home library Current library Date acquired Total Checkouts Full call number Barcode Date last seen Price effective from Koha item type
        CRC Fr. Agnel's C.Rodrigues College of Engineering Fr. Agnel's C.Rodrigues College of Engineering 17/03/2023   620.1 BAP/PAS 15842 17/03/2023 17/03/2023 BOOK
        CRC Fr. Agnel's C.Rodrigues College of Engineering Fr. Agnel's C.Rodrigues College of Engineering 17/03/2023   620.1 BAP/PAS 15843 17/03/2023 17/03/2023 BOOK